[Event "10th Norway Armageddon"]
[Site "Stavanger NOR"]
[Date "2022.06.10"]
[Round "9.2"]
[White "Mamedyarov, Shakhriyar"]
[Black "Radjabov, Teimour"]
[Result "1/2-1/2"]
[WhiteTitle "GM"]
[BlackTitle "GM"]
[WhiteElo "2759"]
[BlackElo "2753"]
[WhiteFideId "13401319"]
[BlackFideId "13400924"]
[EventDate "2022.05.31"]

1. Nf3 Nf6 2. c4 e6 3. b3 d5 4. Bb2 c5 5. e3 Nc6 6. cxd5 exd5 7. a3 Be7 8. Qc2
Be6 9. Ng5 Qd7 10. Nxe6 Qxe6 11. Nc3 O-O 12. Bd3 Bd6 13. O-O-O c4 14. bxc4 dxc4
15. Bf5 Qe7 16. Nb5 Be5 17. Nc3 Bd6 18. Nb5 Be5 19. f4 Bxb2+ 20. Qxb2 a6 21. Nc3
b5 22. g4 b4 23. axb4 Nxb4 24. g5 Nfd5 25. Nxd5 Nxd5 26. Qe5 Qa3+ 27. Qb2 Qe7
28. Qe5 Qa3+ 29. Qb2 1/2-1/2

[Event "10th Norway Armageddon"]
[Site "Stavanger NOR"]
[Date "2022.06.10"]
[Round "9.3"]
[White "Wang, Hao"]
[Black "So, Wesley"]
[Result "1/2-1/2"]
[WhiteTitle "GM"]
[BlackTitle "GM"]
[WhiteElo "2744"]
[BlackElo "2776"]
[WhiteFideId "8602883"]
[BlackFideId "5202213"]
[EventDate "2022.05.31"]

1. d4 Nf6 2. c4 e6 3. Nc3 Bb4 4. e3 O-O 5. a3 Bxc3+ 6. bxc3 c5 7. Bd3 Nc6 8. Ne2
b6 9. O-O Ba6 10. e4 Ne8 11. f4 f5 12. Ng3 g6 13. dxc5 bxc5 14. Be3 d6 15. Qa4
Na5 16. Rad1 Qc7 17. exf5 exf5 18. Rfe1 Nf6 19. Nf1 Rae8 20. Bf2 Bb7 21. Ne3 Qc6
22. Qc2 Qd7 23. Bh4 Nh5 24. Qf2 Ba6 25. Nd5 Kg7 26. Qf1 Rxe1 27. Rxe1 Re8 28.
Be2 Qf7 29. Rd1 Rxe2 30. Qxe2 Bxc4 31. Qf3 Bb3 32. Rd2 Nc4 33. Re2 Bd1 34. Ne7
Bxe2 35. Qxe2 Nxf4 36. Qf1 Nh5 37. Qf3 h6 38. Qb7 g5 39. Bf2 Kf6 40. Nd5+ Kg7
41. Qc6 Nf6 42. Nxf6 Qxf6 43. Qb7+ Kg6 44. Qd5 Qf7 45. Qd3 Qe6 46. Qd1 Nxa3 47.
h4 gxh4 48. Bxh4 Nc4 49. Bf2 Qe4 50. Qa4 a5 51. Qd7 Qe5 52. Qa4 Qe4 53. Qd7 Qe5
54. Qd8 Qe6 55. Qa8 Kf7 56. Qb7+ Kg6 57. Qa8 Kf7 58. Qb7+ Kg6 1/2-1/2

[Event "10th Norway Armageddon"]
[Site "Stavanger NOR"]
[Date "2022.06.10"]
[Round "9.4"]
[White "Vachier-Lagrave, Maxime"]
[Black "Giri, Anish"]
[Result "1-0"]
[WhiteTitle "GM"]
[BlackTitle "GM"]
[WhiteElo "2750"]
[BlackElo "2761"]
[WhiteFideId "623539"]
[BlackFideId "24116068"]
[EventDate "2022.05.31"]

1. e4 c5 2. Nf3 d6 3. d4 cxd4 4. Qxd4 Nc6 5. Qe3 Nf6 6. Nc3 g6 7. Bc4 Bg7 8. h3
O-O 9. O-O b6 10. Rd1 Nd7 11. b3 Bb7 12. Bb2 Rc8 13. Rd2 Nde5 14. Nxe5 Nxe5 15.
Be2 Nd7 16. Rb1 Re8 17. h4 Qc7 18. Nb5 Qc5 19. Qxc5 Nxc5 20. f3 Bh6 21. Rdd1 a6
22. Na3 b5 23. c4 b4 24. Nc2 a5 25. Bd4 f5 26. exf5 gxf5 27. Bf2 Ne6 28. Ne3 Rf8
29. Nd5 Kf7 30. g3 f4 31. g4 Bg7 32. Bd3 Nd4 33. Kg2 e6 34. Bxh7 exd5 35. Bxd4
dxc4 36. Bf5 Rce8 37. bxc4 Re2+ 38. Bf2 Bf6 39. g5 Be5 40. c5 Rd8 41. Bd3 Rxf2+
42. Kxf2 Bd4+ 43. Kg2 dxc5 44. Be4 Bxe4 45. fxe4 c4 46. Kf3 Ke6 47. g6 c3 48.
Rbc1 Ke5 49. h5 Rg8 50. Rd3 a4 51. Rcd1 Be3 52. Rd6 1-0